00845 2200181 4500245004200000020001800042250001100060100002300071700001900094650001600113005001900129260003000148041001400178084000800192300002600200500042800226336000900654 aPillow TalkcChristian SimamorahText a979-780-393-7 aCet. 3 aChristian Simamora aGita Romadhona aNovel Fiksi a20231004090906 aJakartabGagasMediac2010 aIndonesia a813 ax, 246 hlm. :c19 cm. aJUDUL: pizzow talk Kami bersahabat sejak kecil . tepatnya , kalau ada kata lain untuk menggambaran sesuatu yang melampaui sahabat, maka kata itulah kami. Berbagi cerita , berbagi rahasia. Bahkan , tanpa disadari , kamipun membagi cinta. Tapi, apakah kau tahu , rasanya saling mencintai namun berytahan untuk tidak saling memiliki? Percayalah , ini lebih buruk dari sekadar patah hati . Ini bukan kisah yang ingin kau alami. atext